¿ Eliminar el riesgo o gestionar el desastre ? /
Gespeichert in:
| 1. Verfasser: | |
|---|---|
| Format: | Text |
| Schlagworte: | |
| Tags: |
Tag hinzufügen
Keine Tags, Fügen Sie den ersten Tag hinzu!
|
MARC
| LEADER | 00000 a a2200000 04500 | ||
|---|---|---|---|
| 001 | 17350 | ||
| 003 | |||
| 040 | |||
| 100 | |a Curbet, Jaume | ||
| 245 | |a ¿ Eliminar el riesgo o gestionar el desastre ? / |c Jaume Curbet | ||
| 650 | |a RIESGO | ||
| 650 | |a DESASTRES | ||
| 650 | |a SEGURIDAD | ||
| 650 | |a DESASTRES CAUSADOS POR EL HOMBRE | ||
| 650 | |a GESTION DE LOS RIESGOS | ||
| 650 | |a ADMINISTRACION DE DESASTRES | ||
| 773 | |g número 1; páginas 1-5 | ||
| 999 | |c 20877 |d 20877 | ||
